Essential Topics : Lire, comprendre et rédiger sur des sujets de société en anglais (notice n° 1567173)

détails MARC
000 -LEADER
fixed length control field 01311cam a2200133 4500500
005 - DATE AND TIME OF LATEST TRANSACTION
control field 20251214002558.0
041 ## - LANGUAGE CODE
Language code of text/sound track or separate title fre
042 ## - AUTHENTICATION CODE
Authentication code dc
100 10 - MAIN ENTRY--PERSONAL NAME
Personal name Estanove, Laurence
Relator term author
245 00 - TITLE STATEMENT
Title Essential Topics : Lire, comprendre et rédiger sur des sujets de société en anglais
260 ## - PUBLICATION, DISTRIBUTION, ETC.
Name of publisher, distributor, etc. Armand Colin,<br/>
Date of publication, distribution, etc. 2020.<br/>
520 ## - SUMMARY, ETC.
Summary, etc. Ce manuel d’anglais pour non-spécialistes est organisé autour des grandes questions de société, des tendances de fonds et des évolutions sociales récentes. Il propose à l’étudiant une méthode basée sur l’entrainement qui vise à développer la compréhension écrite et améliorer l’expression.A chaque chapitre, des exercices variés de niveau B1 à C1 questionnent un article issu d’un grand titre de presse anglo-saxon. L’étudiant est amené à s’approprier le vocabulaire d’un champ lexical particulier, réviser les règles de grammaire et s’entraîner à la traduction.Les exercices sont ponctués de conseils méthodologiques et rappels des points de grammaire (en français) qui guident l’étudiant et lui permettent de s’entraîner en autonomie quel que soit son niveau. Les corrigés sont disponibles en fin d’ouvrage.
856 41 - ELECTRONIC LOCATION AND ACCESS
Uniform Resource Identifier <a href="https://shs.cairn.info/essential-topics--9782200625580?lang=fr&redirect-ssocas=7080">https://shs.cairn.info/essential-topics--9782200625580?lang=fr&redirect-ssocas=7080</a>

Pas d'exemplaire disponible.

PLUDOC

PLUDOC est la plateforme unique et centralisée de gestion des bibliothèques physiques et numériques de Guinée administré par le CEDUST. Elle est la plus grande base de données de ressources documentaires pour les Étudiants, Enseignants chercheurs et Chercheurs de Guinée.

Adresse

627 919 101/664 919 101

25 boulevard du commerce
Kaloum, Conakry, Guinée

Réseaux sociaux

Powered by Netsen Group @ 2025